|
|
|
|
| LEADER |
00000cam a2200000 a 4500 |
| 001 |
vtls011573782 |
| 003 |
SK-MaSNL |
| 005 |
20260302014808.0 |
| 008 |
240318s2016 xo g 000 f slo |
| 015 |
|
|
|a SNBA2016/11
|
| 020 |
|
|
|a 9788055148410
|q (viaz.)
|
| 035 |
|
|
|a 2E2E0219-41F6-4C89-8399-F6A7BC71C201
|
| 035 |
|
|
|a urn:nbn:sk:snk-am3h6c0
|
| 035 |
|
|
|a urn:nbn:sk:snk-am00co2z
|
| 040 |
|
|
|a SNK
|b slo
|c SNK
|e AACR2
|
| 041 |
1 |
|
|a slo
|h eng
|
| 044 |
|
|
|a xo
|c SK
|
| 072 |
|
7 |
|a 821.111(73)-3
|x Americká próza
|2 konspekt
|
| 080 |
|
|
|a 821.111(73)-31
|2 2011
|
| 080 |
|
|
|a (0:82-312.5)
|2 2011
|
| 100 |
1 |
|
|a Redmerski, J. A.,
|d 1975-
|4 aut
|9 158710
|
| 240 |
1 |
4 |
|a The Moment of letting Go
|l Slovensky
|
| 245 |
1 |
0 |
|a Skok do neznáma
|c J. A. Redmerská ; preložil Peter Tkačenko
|
| 260 |
|
|
|a Bratislava
|b Ikar
|c 2016
|
| 300 |
|
|
|a 374 s.
|c 21 cm
|
| 500 |
|
|
|a Preložené z angličtiny
|
| 655 |
|
7 |
|a americké romány
|2 SNKPH
|9 1174
|
| 655 |
|
7 |
|a ľúbostné romány
|2 SNKPH
|9 70497
|
| 655 |
|
7 |
|a American novels
|2 SNKPHeng
|9 277755
|
| 655 |
|
7 |
|a Love novels
|2 SNKPHeng
|9 277756
|
| 700 |
1 |
|
|a Tkačenko, Peter
|4 trl
|9 134519
|
| 852 |
|
|
|a Štátna vedecká knižnica v Banskej Bystrici
|
| 919 |
|
|
|a 978-80-551-4841-0
|
| 958 |
|
|
|a LX
|
| 958 |
|
|
|a UP
|
| 968 |
|
|
|b ENG
|
| 999 |
|
|
|c 1018367
|d 1020297
|
| 952 |
|
|
|a SNK
|b SNK
|y PREZ
|7 0
|p 17A1217060
|o snkSC 171746
|i snk2016/25082
|8 0
|0 0
|1 0
|4 0
|d 2016-10-24
|f 1
|l 0
|r 2025-09-10 00:00:00
|w 2026-02-24
|
| 952 |
|
|
|a SNK
|b SNK
|y PREZ
|7 0
|p 17A1218575
|o snkSC 171746 D1
|i snk2016/27182
|8 0
|0 0
|1 0
|4 0
|d 2016-11-23
|l 0
|r 2026-02-24 13:15:38
|w 2026-02-24
|